01149nam a2200325 i 450000100060000000300090000600500170001500700030003200800410003502000180007608000120009408000210010608000110012710000290013824501030016725000120027026000290028230000300031149000260034150400340036765000290040165000410043065000310047165000750050270000430057783000420062085200220066299900170068495201220070191921ES-MaACL20250828112809.0t|050307s2003 sp a |||| | spa d a84-362-4972-0 a316.736 a004.738.5:316.42 a316.771 aAparici, Roberto.92204010aCultura popular, industrias culturales y ciberespacio / cRoberto Aparici, Víctor Marí Sáez. a1ª ed. aMadrid : bUNED, c2003. a582 p. : bil. ; c24 cm.1 aUnidades didácticas aReferencias bibliográficas. 4aCultura de masas.91152214aInternet-xAspectos sociales.91387614aIndustria cultural.913721 4aMedios de comunicación social-xInnovaciones tecnológicas.91528711 aMarí Sáez, Víctor Manuel.97665200aUnidades didácticas (UNED) 9184098 aES-MaACLjL-28623 c91921d91921 00104070aATENEOMbATENEOMcDEPO2d2008-01-17eSCl0oL-28623p1095979r2023-02-23 00:00:00w2023-02-23yMONOGRAFIA